| 000 | 00726nam a2200229 i 4500 | ||
|---|---|---|---|
| 001 | bg | ||
| 100 | 1 | _aOGONOWSKI, Jan | |
| 245 | 1 | 0 |
_aPodstawy syntezy związków wielkocząsteczkowych oraz surowców do produkcji tworzyw winylowych : _bpomoc dydaktyczna / _cJan Ogonowski ; Politechnika Krakowska im. Tadeusz Kościuszki. |
| 260 |
_aKraków : _bPK, _c1996. |
||
| 300 |
_a106 s. : _brys. ; _c24 cm. |
||
| 650 | 9 |
_aPolimery _xprzetwórstwo |
|
| 650 | 9 | _aPolimeryzacja | |
| 650 | 9 | _aTworzywa sztuczne | |
| 655 | _aPodręczniki akademickie | ||
| 020 | _a8390387808 | ||
| 040 | _cBPK | ||
| 041 | 0 | _apl | |
| 080 | _a678.6/.7(075.8) | ||
| 920 | _a83-903878-0-8 | ||
| 942 | _cKS | ||
| 008 | s pl f |000 0 pol | ||
| 999 |
_c24872 _d24872 |
||
| 856 |
_uhttp://koha.tu.koszalin.pl/cgi-bin/koha/opac-detail.pl?biblionumber=24872 _yKatalog online BPK |
||